000 00947nam a22002417a 4500
005 20240530110616.0
008 161130s2015 ua ak g b 000 0 ara d
017 _a2014/20271
_bمصر. دار الكتب
020 _a9789774279355
040 _aEG-CaGPL
_cEG-CaGPL
082 0 4 _221
_a020\
_bم ن
100 0 _aمحمد فتحى عبدالهادى
245 1 0 _aنظريات علم المعلومات /
_cمحمد فتحى عبدالهادى
250 _aط.1.
260 _aالقاهرة :
_bالدار المصرية اللبنانية ،
_c2015.
504 _aيشتمل على ارجاعات ببليوجرافية
650 0 7 _2qrmak
_aالمعلومات
_xعلم
650 0 7 _2qrmak
_aاختزان و استرجاع المعلومات
650 0 7 _2qrmak
_aشبكات المكتبات و المعلومات
650 0 7 _2qrmak
_aخدمات المعلومات
942 _2ddc
_cBK
999 _c62957
_d62957